000 00617nam a2200205 4500
003 OSt
005 20240620015322.0
006 a
008 240620b |||||||| |||| 00| 0 eng d
020 _a9781849752169
040 _aDWCL-HMN lib.
_cOC
082 _aCirc. 641.5952 S612 2012
245 _aSimple sushi : light and healthy sushi, miso soups, noodle bowls and more /
260 _aNew York :
_bRyland Peters & Small Pub.,
_cc2012.
300 _b128 p. : ill. ;
_c23 cm.
504 _aIncludes index.
650 _a1. Cooking, Japanese.
700 _aNadia Arumugam...[et al]
942 _2ddc
_n0
_cBK-CIRC
_kCirc.
999 _c946
_d946